Tu Fan - Mafalda Cardenal - Estadísticas

Estadísticas generales
  • Esta prueba ha sido intentada 1.612 veces
  • La puntuación promedio es 296 de 427
Estadísticas de respuestas
Letra % Correcto
a
96%
mi
92%
tu
92%
92%
fan
88%
fan...
88%
la
88%
Y
88%
y
88%
Yo
83%
yo
83%
que
79%
Que
79%
ve,
79%
lo
75%
no
75%
nunca
75%
te
75%
"te
75%
cuéntale
71%
eres
71%
estaba
71%
gente
71%
me
71%
obsesionada
71%
solo
71%
de
67%
De
67%
el
67%
era
67%
nada
67%
67%
todo
67%
en
63%
eras
63%
estrella
63%
fuimos
63%
más
63%
Porque
63%
siempre
63%
ti
63%
ti,
63%
un
63%
una
63%
ella
58%
gusté
58%
ha
58%
he
58%
perro
58%
tenía
58%
abuelo
54%
al
54%
como
54%
dio
54%
enciendo
54%
equipo
54%
has
54%
humor
54%
igual
54%
juegan,
54%
muy
54%
pedestal
54%
perdón
54%
pero
54%
Pero
54%
prefieres
54%
sacas
54%
tele
54%
acuerdo,
50%
atrás
50%
aún
50%
Café
50%
caso
50%
corriendo
50%
corto
50%
cuando
50%
cumple
50%
darme
50%
equivocada
50%
fuiste
50%
gustado
50%
hemos
50%
hiciste
50%
ibas
50%
juntos,
50%
leche
50%
mal
50%
memoria
50%
pedido
50%
perderme
50%
pides
50%
porfa,
50%
quedé
50%
razón
50%
2016
46%
eso
46%
estado
46%
fútbol
46%
hablabas
46%
inglés
46%
las
46%
mes
46%
quiero"
46%
reírme
46%
Ya
46%
12
42%
amarnos
42%
así
42%
cumplir
42%
Del
42%
estábamos
42%
manía
42%
mirado
42%
quitado
42%
también
42%
ves,
42%
después
38%
otra
38%
acordando
33%
equivocados
33%
están
33%
odiarnos
33%
pelearnos
33%
prioridad
33%
sigo
33%
opción
29%
Oh
0%
No se encontraron pruebas coincidentes
Distribución de puntuación
Porcentaje de gente con cada puntuación
Porcentaje por número respondido
Historial de tus puntuaciones
No has intentado esta prueba.